The Mimic Masashige Family Trivia - Statistics

General Stats
  • This quiz has been taken 11 times
  • The average score is 13 of 17
Answer Stats
Question Answer % Correct
Who is the father of Yasu Masashige? Daku Masashige
100%
Who is the main character in book 1? Yasu Masashige
100%
Who freed Sama from the sakura tree? Hiachi Masashige
88%
Who is Yasu's cousin? Juno Masashige
88%
Who brought home the cursed biwa? Kaito Masashige
88%
Who is the main character in The Witch Trials? Keiko Masashige
88%
Who is her cousin? Kuriko Masashige
88%
Who is her sister? Biwaki Masashige
75%
Who is Yasu's great grandfather? Kusonoki Masashige
75%
Who adopted her? Megumi Masashige
75%
Who is their eldest daughter? Mihari Masashige
75%
Who is his wife? Niko Masashige
75%
Who is her mother? Futaomote Masashige
63%
Who is the crawly guy in The Witch Trials? Hanzu Masashige
63%
Who is her granddaughter? Kazeko Masashige
63%
Who is his daughter? Shaku Masashige
63%
Who is the stone statue lady? Shizu Masashige
63%
No matching quizzes found
Score Distribution
Percent of People with Each Score
Percentile by Number Answered
Your Score History
You have not taken this quiz